Normal view
MARC view
- Jagadishwar , Sahay .
Entry Personal Name
001 - CONTROL NUMBER
- control field: 880
003 - CONTROL NUMBER IDENTIFIER
- control field: OSt
005 - DATE AND TIME OF LATEST TRANSACTION
- control field: 20160712141153.0
008 - FIXED-LENGTH DATA ELEMENTS
- fixed length control field: 160712|| aca||aabn | a|a d
040 ## - CATALOGING SOURCE
- Original cataloging agency: OSt
- Transcribing agency: OSt
100 ## - HEADING--PERSONAL NAME
- Personal name: Jagadishwar , Sahay .
670 ## - SOURCE DATA FOUND
- Source citation: Work cat.: (OSt)40: Jagadishwar , Sahay ., Elements Of Agricultural Engineering [Farm Power, Farm Machinery, Farm Processing, Farm Electricity], 2015
